| 000 | 00947cam a2200241 a 4500 | ||
|---|---|---|---|
| 999 |
_c58074 _d58074 |
||
| 001 | 12118030 | ||
| 005 | 20210608131228.0 | ||
| 008 | 990517s1999 enka 000 0 eng d | ||
| 020 | _a9781853465833 | ||
| 041 | _aeng | ||
| 080 | _a376.2 C-52 | ||
| 245 | 0 | 0 |
_aChildren with visual impairment in mainstream settings / _cChristine Arter ... [et al.]. |
| 264 |
_aLondon : _bDavid Fulton, _c1999. |
||
| 300 |
_a62 p. : _bill. ; _c25 cm. |
||
| 653 | _aმხედველობის შეზღუდული შესაძლებლობის მქონე ბავშვები | ||
| 653 | _aპედაგოგიკა | ||
| 653 | _aДети с нарушениями зрения | ||
| 653 | _aпедагогика | ||
| 700 | 1 |
_aArter, Christine. _eავტორი _911976 |
|
| 700 | 1 |
_aMason, Healther L. _eავტორი _911977 |
|
| 700 | 1 |
_aMcCall, Steve and other _eავტორი _911978 |
|
| 942 |
_2udc _cBK |
||